LIBRARY & INFORMATION CENTRE, KCAET, TAVANUR

ONLINE PUBLIC ACCESS CATALOGUE (OPAC)

Harbour dock and tunnel engineering (Record no. 18887)

MARC details
000 -LEADER
fixed length control field 00281nam a22001217a 4500
003 - CONTROL NUMBER IDENTIFIER
control field OSt
008 - FIXED-LENGTH DATA ELEMENTS--GENERAL INFORMATION
fixed length control field 250103b |||||||| |||| 00| 0 eng d
041 ## - LANGUAGE CODE
Language code of text/sound track or separate title eng
082 ## - DEWEY DECIMAL CLASSIFICATION NUMBER
Classification number 627.2
Item number SRI/HA
100 ## - MAIN ENTRY--AUTHOR NAME
Personal name Srinivasan, R
245 ## - TITLE STATEMENT
Title Harbour dock and tunnel engineering
942 ## - ADDED ENTRY ELEMENTS (KOHA)
Koha item type Books
Holdings
Withdrawn status Lost status Damaged status Home library Current library Date acquired Full call number Accession Number Koha item type
      KAUAET KAUAET 03/01/2025 627.2 SRI/HA 12870 Books
free website counter